00779cam a2200229 a 4500001000500000005001700005020001800022040002300040050002300063082001000086100002600096245007700122250004600199260003700245300006000282505000800342520010200350521002000452521002000472650002200492700003500514318520251202135607.0 a9780545258296 aDLCcDLCdDLCbeng00aPZ7.R719445b 200900a813.61 aRosenthal, Amy Krouse10aDuck! Rabbit! /cRosenthal, Amy Krouse : illustrated by Lichtenheld, Tom aFirst Scholastic printing , February 2013 aNew York : bScholastic , c2009 a30 unnumbered pages : bcolor illustrations ;c21 cm .  aF  aTwo unseen characters argue about whether the creature they are looking at is a rabbit or a duck. a300 bLexile  aF bRaz-Plus  1aAnimalsvFiction.1 aLichtenheld, Tomeillustrator